00522nam a22001812 4500001001100000005001700011008004100028020001700069040001500086100003500101245005500136250001400191260004600205300001600251650003400267650003600301852000300337000002396920151217155235.0130423s xx 000 0 eng d a0838584357 : aKABUcKABU1 aGanong, William F.@000018380910aReview of medical physiology /cWilliam F. Ganong. a13th ed. aSan Mateo, CA :bAppleton & Lange,c1987. axi, 665 p. 0aHuman physiology.@0000155597 0aMedical physiology.@00001838101